Statistics for Winnie the Pooh (2011) Characters by Screen-time

Click here to take the quiz!

General Stats

  • This quiz has been taken 50 times
  • The average score is 7 of 9

Answer Stats

TimeCharacter% Correct
27:41Winnie the Pooh
100%
10:12Tigger
95%
12:21Piglet
93%
13:39Eeyore
81%
4:59Christopher Robin
79%
9:16Rabbit
74%
6:09Roo
74%
12:58Owl
72%
6:38Kang
70%

Score Distribution

Percentile by Number Answered

Percent of People with Each Score

Your Score History

You have not taken this quiz